Sports Quiz

Random Sports or NHL Quiz

Most points by a NHL players by letters:Q,U,Y,Z (all) Quiz Stats

 Plays Quiz not verified by Sporcle

Support Sporcle.
Go Orange.
Score 0/105 Timer 15:00
0 Plays Today
Points % Correct
1755Steve Yzerman
92.2%
685Dan Quinn
91.5%
131Pat Quinn
91.5%
143Deron Quint
82.6%
1229Norm Ullman
81.1%
757Scott Young
80.4%
536Tim Young
80.4%
149Warren Young
80.4%
80Doug Young
80.4%
74Howie Young
80.4%
14C.J. Young
80.4%
2Brian Young
80.4%
0Bryan Young
80.4%
0B.J. Young
80.4%
243Stephane Quintal
74.4%
162Igor Ulanov
71.9%
719Alexei Zhamnov
71.2%
804Garry Unger
69.8%
601 *Henrik Zetterberg
67.3%
608Peter Zezel
65.8%
771Sergei Zubov
65.5%
2Ilja Zubov
65.5%
299 *RJ Umberger
63.7%
384Zarley Zalapski
62.6%
336Paul Ysebaert
60.9%
190Joel Quenneville
57.3%
3Leo Quenneville
57.3%
781Alexei Yashin
56.9%
261Nikolai Zherdev
52%
258Sergei Zholtok
52%
265Stephane Yelle
51.6%
379Richard Zednik
51.2%
311Rob Zamuner
50.5%
471Alexei Zhitnik
49.5%
1Kevin Quick
49.5%
Points % Correct
530 *Dainius Zubrus
48.4%
284Bill Quackenbush
48.4%
11Max Quackenbush
48.4%
322Mike York
47.7%
229Jason York
47.7%
75Harry York
47.7%
178 *Keith Yandle
43.8%
93 *Kyle Quincey
43.4%
294Valeri Zelepukin
38.8%
120Andrei Zyuzin
38.8%
197Terry Yake
38.4%
175 *Scottie Upshall
35.9%
298 *Marek Zidlicky
35.6%
216Vitali Yachmenev
30.2%
44 *Brandon Yip
29.5%
225Dmitry Yushkevich
28.5%
252 *Travis Zajac
27.8%
70Rob Zettler
26.3%
102Juha Ylonen
25.6%
54 *Greg Zanon
25.6%
129Trent Yawney
22.8%
17Stefan Ustorf
21.7%
154Rick Zombo
19.6%
40Michael Zigomanis
18.5%
2Richard Yates
17.8%
23Mats Zuccarello
17.1%
14 *Vladimir Zharkov
15.7%
2 *Alexander Urbom
15.3%
64Doug Zmolek
14.2%
282Mike Zuke
13.9%
9 *Nolan Yonkman
13.5%
0Thomas Ziegler
12.1%
3Jeff Ulmer
10.7%
1 *Mika Zibanejad
10.7%
0Layne Ulmer
10.7%
Points % Correct
4 *David Ullstrom
10.3%
10Jean-Francois Quintin
9.6%
135Ron Zanussi
8.2%
14Joe Zanussi
8.2%
92Ken Yaremchuk
7.5%
74Gene Ubriaco
7.5%
5Gary Yaremchuk
7.5%
85Tom Younghans
6.8%
5 *Harry Zolnierczyk
6.8%
20Ken Quinney
6.4%
0Jeremy Yablonski
6%
14Richard Zemlak
5.3%
1Sergei Zinovjev
5.3%
5John Zeiler
5%
12Mikhail Yakubov
4.6%
1Dwayne Zinger
3.6%
0Jeff Zehr
3.6%
70John Quilty
3.2%
19Larry Zeidel
3.2%
7Libor Zabransky
3.2%
6Jason Zent
3.2%
16Rod Zaine
2.8%
8Tomas Zizka
2.8%
37Miles Zaharko
2.5%
6Alexei Yegorov
2.5%
3Miroslav Zalesak
2.1%
1Lars Zetterstrom
2.1%
0 *Steven Zalewski
2.1%
0Dimitry Yakushin
1.8%
0Brad Zavisha
1.4%
0Marty Zoborosky
1.4%
1Andrey Zubarev
1.1%
0Ken Yackel
1.1%
0Ed Zeniuk
1.1%
0Rudy Zunich
1.1%

You're not logged in!

Compare scores with friends on all Sporcle quizzes.
OR
Log In

From the Vault

MLB Youngest to 200 Career Home Runs

by JayHallahan

A lot of these players aren't so young anymore.
Remove Ads.
Support Sporcle.
Get the best of Sporcle when you Go Orange. This ad-free experience offers more features, more stats, and more fun while also helping to support Sporcle. Thank you for becoming a member.

Show Comments

Extras

Created Feb 25, 2012SourceReportNominate
Tags:NHL Quiz

Top Quizzes Today


Score Distribution

Your Account Isn't Verified!

In order to create a playlist on Sporcle, you need to verify the email address you used during registration. Go to your Sporcle Settings to finish the process.

Report this User

Report this user for behavior that violates our Community Guidelines.

Details: